000 00611nam a2200217 4500
003 MX-MxINE
005 20260601171019.0
008 260509b2013\\\\it\|||||\||||\00|\0\eng\d
040 _aICI
_bspa
_cICI
_erda
050 _aNK2715
_bS59 2013
245 _aThe Skyline Collection
300 _a125 paginas:
_bilustraciones
336 _2rdacontent
_atexto
337 _2rdamedia
_asin medio
338 _2rdacarrier
_avolumen
500 _aDiseño de muebles
650 _aDecoración interior
_934387
650 _aDecoración interior
_934387
650 _aMobiliario
_xCatálogos.
_934388
942 _2lcc
_n1
_cB
999 _c20805
_d20805